000 00494pab a2200193 454500
008 180718b2009 xxu||||| |||| 00| 0 eng d
100 _aSrinivasan, V.K.
245 _aGlobal financial meltdown and Indian budgetary response
260 _c2009
300 _ap.193-201.
362 _aAug
650 _aBudget - India
650 _aEconomic recession - India
650 _aEconomic recession
700 _aNori, Usha
773 _aAsian Economic Review
908 _aN
909 _a84174
999 _c84174
_d84174